Statistics for Continental Capital Cities whose closest Capital is on an Island Country

Click here to take the quiz!

General Stats

  • This quiz has been taken 64 times
  • The average score is 14 of 20

Answer Stats

Capital % Correct
Tunis
88%
Valletta
83%
Tripoli
81%
Kuala Lumpur
81%
Singapore
81%
Nicosia
79%
Canberra
79%
Ankara
77%
Wellington
75%
Caracas
71%
Doha
71%
Kuwait City
69%
Sao Tome
67%
Manama
63%
Riyadh
63%
Libreville
58%
Saint George's
54%

Score Distribution

Percentile by Number Answered

Percent of People with Each Score

Your Score History

You have not taken this quiz